Communes de l'Allier (03) de plus de 10000 habitants - Statistiques

Statistiques générales
  • Ce quiz a été pris 97 fois
  • Le résultat moyen est 4 sur 5
Statistiques - réponses
Habitants Commune % Correct
25702 Vichy
98%
19344 (préfecture) Moulins
97%
33317 Montluçon
95%
12670 Yzeure
59%
13329 Cusset
49%
Aucun quiz correspondant
Distribution des résultats
% des personnes avec chaque résultat
Percentile par nombre de réponses
Votre historique - résultats
Vous n’avez pas pris ce quiz